Remember These Slogans? Quiz Stats

 Plays Quiz Updated Aug 9, 2018

Score 0/24 Timer 03:00
0 Plays Today
% Correct
Kentucky Fried Chicken
93.2%
Skittles
93.1%
McDonald's
91.9%
Nike
90.8%
Subway
89.4%
Google
88.9%
Budweiser
88.4%
Gillette
86.9%
Old Spice
86.3%
Volkswagen
82.2%
L'Oréal
76.9%
Apple
74.9%
% Correct
Kodak
72.1%
Coca-Cola
71.8%
BMW
71.4%
Levi's
70.5%
Johnnie Walker
56.9%
Puma
53.4%
Heineken
52%
Electronic Arts
48.6%
Panasonic
47.9%
Adidas
46.7%
HP
46.7%
Sony
41.3%

You're not logged in!

Compare scores with friends on all Sporcle quizzes.
OR
Log In

You Might Also Like...

Show Comments

Extras

Top Quizzes Today


Score Distribution

Your Account Isn't Verified!

In order to create a playlist on Sporcle, you need to verify the email address you used during registration. Go to your Sporcle Settings to finish the process.

Report this User

Report this user for behavior that violates our Community Guidelines.

Details: